A TEXT BOOK OF MODERN PHARMACEUTICAL ANALYTICAL TECHIQUES (Record no. 1221372)

MARC details
000 -LEADER
fixed length control field 00440nam a2200145Ia 4500
008 - FIXED-LENGTH DATA ELEMENTS--GENERAL INFORMATION
fixed length control field 260514s2023 xx 000 0 und d
041 ## - LANGUAGE CODE
Language code of text/sound track or separate title eng
082 ## - DEWEY DECIMAL CLASSIFICATION NUMBER
Classification number 615.19/BAR
Item number M-3517
100 ## - MAIN ENTRY--PERSONAL NAME
Personal name DR. S.D. BARHATE
245 ## - TITLE STATEMENT
Title A TEXT BOOK OF MODERN PHARMACEUTICAL ANALYTICAL TECHIQUES
260 ## - PUBLICATION, DISTRIBUTION, ETC.
Place of publication, distribution, etc. PUNE
Name of publisher, distributor, etc. S.VIKAS AND COMPANY
Date of publication, distribution, etc. 2023
300 ## - PHYSICAL DESCRIPTION
Extent P.B/380
650 ## - SUBJECT ADDED ENTRY--TOPICAL TERM
Topical term or geographic name entry element MODERN PHARMACEUTICAL ANALYTICAL TECHNIQUIES
700 ## - ADDED ENTRY--PERSONAL NAME
Personal name DR. RAGEEB USMAN
Holdings
Withdrawn status Lost status Damaged status Not for loan Home library Current library Date acquired Cost, normal purchase price Total Checkouts Full call number Barcode Date last seen Price effective from Koha item type
        College of Pharmacy, Kolhapur College of Pharmacy, Kolhapur 29/03/2024 555.00   615.19/BAR/M-3517 PCK-M-3517 14/05/2026 14/05/2026 Book